Potatisrätter - Statistics

General Stats
  • This quiz has been taken 849 times
    746 since last reset
  • The average score is 12 of 21
Answer Stats
Ledtråd Svar % Correct
Donken Pommes frites
96%
Falukorvens bästa vän Potatismos
95%
Varm ugnlagad potatisrätt Potatisgratäng
85%
Fredagsmys Potatischips
84%
Orginalet Kokt potatis
76%
Stora potatisar med fyllning Bakad potatis
72%
Mos bestående av flera rotfrukter Rotmos
67%
Lite dyrare, lite sötare Sötpotatis
66%
Julens potatisrätt Janssons frestelse
64%
Brukar man ha till rött kött, finns i frysdisken Klyftpotatis
62%
Den godaste skolmaten (i.a.f. där jag kommer ifrån) Potatisbullar
62%
Östergötlands landskapsrätt, liknar föregående rätt Raggmunk
58%
Ett måste till midsommar sillen Små- / färskpotatis
54%
Skärda potatisar som tillagas i ugn Hasselbackpotatis
48%
Norrländsk potatissmet i runda bollar Palt
47%
Friterade potatisbollar Potatiskroketter
43%
Passar med grillat, fyllemat? Potatissallad
42%
Småländsk tradition Kroppkakor
36%
En speciell sort potatis som är lätt att göra mos av King Edward
25%
Riven potatis som formas till diskar, serveras med bacon Potatisplättar
11%
Västgötskt namn för 50% mos och 50% pommes Häl'ta häl'ta, fördel mos
9%
No matching quizzes found
Score Distribution
Percent of People with Each Score
Percentile by Number Answered
Your Score History
You have not taken this quiz since the last reset